000 00259nam a22001217a 4500
008 181011b xxu||||| |||| 00| 0 eng d
041 _aeng
080 _a616.12
100 _a7
101 _aKAR
245 _aClinical Symposia
_cScheidt, S
942 _2udc
_cBK
999 _c49445
_d49445